000 00701nam a2200205 a 4500
020 _a9781439809419 (hb)
082 _a624.068
_bDHA
_cL-14, P-178
100 1 _aDharwadker p.p
_936887
245 1 _aConstruction Management:
_bsubcontractor scopes of work.
260 _aNew Delhi:
_bOxford & IBH Publishing Com,
_c1989.
300 _a ix, 446p. : ill.
526 _a0
_b0
_c0
_d624_068000000000000_DHA
526 _a0
_b0
_c0
_d624_068000000000000_DHA
650 0 _aBuilding -- Planning.
_942312
650 0 _aBuilding -- Superintendence.
_942313
650 0 _aConstruction Industry -- Subcontracting.
_942314
650 0 _aMCE
_9379
700 _aHinze, Jimmie. (jt. auth.).
_942315
942 _2ddc
_cBK
999 _c546226
_d546226